[Event "Køge Bugt Sommer 2013"]
[Site "Solrod Skole"]
[Date "2013.08.21"]
[Round "3.8"]
[White "Krag-Jacobsen, Alan"]
[Black "Kristensen, Benny"]
[Result "0-1"]
[WhiteElo "1391"]
[BlackElo "1623"]
[PlyCount "28"]
[EventDate "2013.??.??"]
[WhiteTeam "Solrød Skakklub"]
[BlackTeam "Skovbo Skakklub"]

1. b3 d6 2. f4 Nf6 3. Bb2 Nc6 4. Nf3 g6 5. h3 Bg7 6. e3 O-O 7. Nc3 e5 8. fxe5
dxe5 9. Be2 e4 10. Ng5 h6 11. Ncxe4 hxg5 12. Nxg5 Ne4 13. Bxg7 Qxg5 14. Rf1
Qg3+ 0-1

[Event "Køge Bugt Sommer 2013"]
[Site "Solrod Skole"]
[Date "2013.08.21"]
[Round "3.9"]
[White "Stuhr, Finn"]
[Black "Jørgensen, Leif"]
[Result "1-0"]
[WhiteElo "1555"]
[BlackElo "1442"]
[PlyCount "96"]
[EventDate "2013.??.??"]
[WhiteTeam "Køge Skakklub"]
[BlackTeam "Solrød Skakklub"]

1. e4 g6 2. d4 Bg7 3. e5 d6 4. f4 dxe5 5. fxe5 c6 6. Nf3 Bg4 7. c3 Nh6 8. Bc4
e6 9. O-O O-O 10. Bf4 Nd7 11. Qd2 Bxf3 12. Bxh6 Bd5 13. Bd3 c5 14. Be3 b6 15.
Bb5 Rc8 16. Bg5 Qc7 17. Be7 Rfe8 18. Bd6 Qb7 19. Qf2 f6 20. dxc5 bxc5 21. Bxd7
Qxd7 22. exf6 Bxf6 23. Bxc5 Be5 24. Nd2 Qc7 25. Bxa7 Bxh2+ 26. Kh1 Rf8 27. Qe3
Bd6 28. Bb6 Qb7 29. Nf3 Bf4 30. Qf2 Rf5 31. Nh4 Rh5 32. Kg1 g5 33. Nf3 Rf8 34.
g3 Bd6 35. Qe3 Qf7 36. Nh2 Qb7 37. Rxf8+ Bxf8 38. Bd4 Bh6 39. Rf1 g4 40. Qe2
Qc7 41. Qe1 Rh3 42. Bf2 Bg5 43. b3 Bh4 44. Qe3 Bf6 45. c4 Bf3 46. Qxe6+ Qf7 47.
Qc8+ Kg7 48. Nxf3 gxf3 1-0

[Event "Køge Bugt Sommer 2013"]
[Site "Solrod Skole"]
[Date "2013.08.21"]
[Round "3.10"]
[White "Christiansen, Casper"]
[Black "Brinch, Bo"]
[Result "1/2-1/2"]
[WhiteElo "1052"]
[BlackElo "1000"]
[PlyCount "62"]
[EventDate "2013.??.??"]
[WhiteTeam "Greve Skakklub"]
[BlackTeam "Greve Skakklub"]

1. e4 e5 2. a4 Bc5 3. Nf3 Nf6 4. Bd3 d6 5. h3 Bd7 6. c3 Bc6 7. Qe2 Qd7 8. b4
Bxb4 9. cxb4 Bxa4 10. Nc3 Bb3 11. Ra3 Be6 12. g4 Nc6 13. Bb5 O-O 14. Qe3 a6 15.
Bd3 Nxb4 16. Ra4 c5 17. g5 Nh5 18. Nh4 g6 19. Be2 Nc2+ 20. Kd1 Nxe3+ 21. fxe3
Bxh3 22. Ra3 Ng3 23. Rg1 Nxe2 24. Kxe2 b5 25. Nd5 Qe6 26. d3 c4 27. Nc7 Qc8 28.
Nxa8 Qxa8 29. Rg3 cxd3+ 30. Rxd3 Be6 31. Kf3 d5 1/2-1/2

[Event "Køge Bugt Sommer 2013"]
[Site "Solrod Skole"]
[Date "2013.08.21"]
[Round "3.11"]
[White "Jensen, Tom B"]
[Black "Pawlak, Wojciech Zbigniew"]
[Result "1-0"]
[WhiteElo "1506"]
[BlackElo "1620"]
[PlyCount "73"]
[EventDate "2013.??.??"]
[WhiteTeam "Tåstrup Skakforening"]
[BlackTeam "Næstved Skakklub"]

1. e4 c5 2. Nc3 Nc6 3. d3 Nf6 4. g3 d5 5. Bg2 d4 6. Nce2 e5 7. f4 g6 8. Nf3 Qc7
9. O-O Bg7 10. fxe5 Nxe5 11. Nxe5 Qxe5 12. Bf4 Qe7 13. Rf2 Ng4 14. Rf3 O-O 15.
h3 Ne5 16. Rf2 Be6 17. Qc1 Rad8 18. b3 b5 19. Bg5 f6 20. Bh6 c4 21. Bxg7 Kxg7
22. Qd2 Qd7 23. Nf4 Bg8 24. Raf1 g5 25. Nh5+ Kg6 26. Rxf6+ Rxf6 27. Rxf6+ Kxh5
28. Qe2+ g4 29. Rf5+ Kg6 30. Rxe5 Be6 31. h4 h6 32. Qf2 a6 33. Qf4 cxd3 34.
cxd3 Qd6 35. Bf1 Rd7 36. Be2 Rf7 37. Rg5+ 1-0